The economy today
Αποθηκεύτηκε σε:
| Κύριος συγγραφέας: | |
|---|---|
| Μορφή: | Βιβλίο |
| Γλώσσα: | English |
| Δημοσίευση: |
New York :
Irwin McGraw-Hill,
1997
|
| Έκδοση: | 7th ed. |
| Θέματα: | |
| Ετικέτες: |
Προσθήκη ετικέτας
Δεν υπάρχουν, Καταχωρήστε ετικέτα πρώτοι!
|
MARC
| LEADER | 00000nam a2200000 i 4500 | ||
|---|---|---|---|
| 001 | 1/15174 | ||
| 008 | 980522s1997 eng d | ||
| 020 | |a 0-07-057711-0 | ||
| 035 | |l 10019713 | ||
| 040 | |a GR-MY-UA |b gre |e aacr | ||
| 041 | 0 | |a eng | |
| 082 | 0 | |a 330 | |
| 100 | 1 | |a Schiller, Bradley R. |d 1943- | |
| 245 | 1 | 4 | |a The economy today / |c Bradley R. Schiller |
| 250 | |a 7th ed. | ||
| 260 | |a New York : |b Irwin McGraw-Hill, |c 1997 | ||
| 300 | |a xxxi, 858, [89] σ.; |b έγχρ. εικ.; |c 26 εκ. | ||
| 504 | |a Περιέχει ευρετήριο και γλωσσάριο | ||
| 650 | 0 | 0 | |a Economics. |
| 852 | |a INST |b LESVOS |e 19980522 |h 330 SCH |p 005100014551 |q 005100014551 |t BK |y 0 | ||
| 852 | |a INST |b LESVOS |e 19980522 |h 330 SCH |p 005100014552 |q 005100014552 |t BK |y 0 | ||
| 852 | |a INST |b LESVOS |e 19980522 |h 330 SCH |p 005100014553 |q 005100014553 |t BK |y 0 | ||
| 852 | |a INST |b LESVOS |e 19980522 |h 330 SCH |p 005100014554 |q 005100014554 |t BK |y 0 | ||
| 852 | |a INST |b LESVOS |e 19980522 |h 330 SCH |p 005100014555 |q 005100014555 |t BK |y 0 | ||
| 901 | |a BIBL-1998-2 | ||
| 909 | |a Λ |b 056657 | ||
| 909 | |a Λ |b 056658 | ||
| 909 | |a Λ |b 056659 | ||
| 909 | |a Λ |b 056660 | ||
| 909 | |a Λ |b 056661 | ||
| 922 | |a 1ΕΛΗ |b 199805 |c ΚΠΣ/ΤΓ |d ΠΑΠΑΣΩΤΗΡΙΟΥ | ||
| 950 | |a 118-1998-03-26 | ||